[Event "CZE-chT2C 1213"]
[Site "Czech Republic"]
[Date "2012.11.18"]
[Round "3.3"]
[White "Loskot, Petr"]
[Black "Skorpik, Martin"]
[Result "0-1"]
[WhiteElo "2052"]
[BlackElo "2165"]
[PlyCount "44"]
[EventDate "2012.10.14"]
[EventType "team-tourn"]
[EventRounds "11"]
[EventCountry "CZE"]
[SourceTitle "EXT 2015"]
[Source "ChessBase"]
[SourceDate "2014.11.20"]
[SourceVersion "1"]
[SourceVersionDate "2014.11.20"]
[SourceQuality "1"]
[WhiteTeam "Tabor II"]
[BlackTeam "Cesky Krumlov"]
[WhiteTeamCountry "CZE"]
[BlackTeamCountry "CZE"]

1. e4 e6 2. d4 d5 3. e5 Ne7 4. Nf3 b6 5. c3 Qd7 6. Na3 Ba6 7. Bxa6 Nxa6 8. Qd3 Nb8 9. h4 h5 10. Bg5 Nf5 11. Nc2 Be7 12. Ne3 Nh6 13. Rc1 Nc6 14. c4 Nb4 15. Qb3 dxc4 16. Qxc4 0-0-0 17. a3 Nd5 18. Nxd5 exd5 19. Bxe7 dxc4 20. Bxd8 Rxd8 21. Rxc4 Qb5 22. Rc2 Nf5 0-1

[Event "CZE-chT2A 1112"]
[Site "Czech Republic"]
[Date "2012.04.22"]
[Round "11"]
[White "Skorpik, Martin"]
[Black "Jandecka, Tomas"]
[Result "1-0"]
[WhiteElo "2150"]
[BlackElo "2196"]
[PlyCount "27"]
[EventDate "2011.10.09"]
[EventType "team-tourn"]
[EventRounds "11"]
[EventCountry "CZE"]
[SourceTitle "EXT 2013"]
[Source "ChessBase"]
[SourceDate "2012.11.22"]
[SourceVersion "1"]
[SourceVersionDate "2012.11.22"]
[SourceQuality "1"]
[WhiteTeam "Cesky Krumlov"]
[BlackTeam "Zizkov"]
[WhiteTeamCountry "CZE"]
[BlackTeamCountry "CZE"]

1. d4 Nf6 2. Nf3 c5 3. d5 b5 4. Bg5 Qb6 5. c3 a6 6. a4 bxa4 7. Bxf6 Qxb2 8. Rxa4 gxf6 9. e4 Bh6 10. Bd3 d6 11. 0-0 Bg4 12. e5 Bxf3 13. Qxf3 fxe5 14. Qh3 1-0

[Event "CZE-chT2A 1112"]
[Site "Czech Republic"]
[Date "2012.03.04"]
[Round "9"]
[White "Havlik, Jindrich"]
[Black "Skorpik, Martin"]
[Result "1/2-1/2"]
[WhiteElo "2141"]
[BlackElo "2150"]
[PlyCount "109"]
[EventDate "2011.10.09"]
[EventType "team-tourn"]
[EventRounds "11"]
[EventCountry "CZE"]
[SourceTitle "EXT 2013"]
[Source "ChessBase"]
[SourceDate "2012.11.22"]
[SourceVersion "1"]
[SourceVersionDate "2012.11.22"]
[SourceQuality "1"]
[WhiteTeam "Klatovy"]
[BlackTeam "Cesky Krumlov"]
[WhiteTeamCountry "CZE"]
[BlackTeamCountry "CZE"]

1. e4 e6 2. d4 d5 3. Nd2 Nf6 4. e5 Nfd7 5. Bd3 c5 6. c3 Nc6 7. Ne2 cxd4 8. cxd4 f6 9. exf6 Nxf6 10. 0-0 Bd6 11. Nf3 Qc7 12. Bg5 0-0 13. Bh4 Bd7 14. Re1 g6 15. Bg3 Nh5 16. Bxd6 Qxd6 17. Rc1 Nf4 18. Nxf4 Qxf4 19. Bb1 Rf7 20. Rc2 Raf8 21. Rd2 Qg4 22. h3 Qh5 23. Nh2 Qxd1 24. Rexd1 Rc8 25. Ng4 Kg7 26. g3 Nd8 27. Ne5 Re7 28. Bd3 Ba4 29. Re1 Rec7 30. b3 Be8 31. Kg2 Nf7 32. Nxf7 Kxf7 33. h4 Rc1 34. Rxc1 Rxc1 35. Rc2 Rxc2 36. Bxc2 Kf6 37. f4 Bb5 38. h5 Be2 39. h6 Bb5 40. Kf3 Be8 41. g4 Bb5 42. g5+ Kf7 43. a4 Be8 44. a5 Ke7 45. Ke3 Kd6 46. Kd2 Kc6 47. Bd3 b5 48. axb6 Kxb6 49. Kc3 a5 50. b4 axb4+ 51. Kxb4 Bf7 52. Bb5 Bg8 53. Be8 Kc7 54. Kc5 Kd8 55. Bb5 1/2-1/2

[Event "CZE-chT2A 1112"]
[Site "Czech Republic"]
[Date "2012.01.22"]
[Round "6"]
[White "Vasicek, Martin"]
[Black "Skorpik, Martin"]
[Result "1/2-1/2"]
[WhiteElo "2152"]
[BlackElo "2150"]
[PlyCount "23"]
[EventDate "2011.10.09"]
[EventType "team-tourn"]
[EventRounds "11"]
[EventCountry "CZE"]
[SourceTitle "EXT 2013"]
[Source "ChessBase"]
[SourceDate "2012.11.22"]
[SourceVersion "1"]
[SourceVersionDate "2012.11.22"]
[SourceQuality "1"]
[WhiteTeam "Domazlice"]
[BlackTeam "Cesky Krumlov"]
[WhiteTeamCountry "CZE"]
[BlackTeamCountry "CZE"]

1. e4 e6 2. d4 d5 3. e5 Ne7 4. Nf3 b6 5. c3 Qd7 6. Nbd2 Nf5 7. Bd3 Ba6 8. Nf1 c5 9. Ng3 Nxg3 10. hxg3 Bxd3 11. Qxd3 h6 12. Be3 1/2-1/2

[Event "CZE-chT2A 1112"]
[Site "Czech Republic"]
[Date "2011.11.06"]
[Round "2"]
[White "Skorpik, Martin"]
[Black "Borkovec, Milan"]
[Result "1-0"]
[WhiteElo "2150"]
[BlackElo "2188"]
[PlyCount "71"]
[EventDate "2011.10.09"]
[EventType "team-tourn"]
[EventRounds "11"]
[EventCountry "CZE"]
[SourceTitle "EXT 2013"]
[Source "ChessBase"]
[SourceDate "2012.11.22"]
[SourceVersion "1"]
[SourceVersionDate "2012.11.22"]
[SourceQuality "1"]
[WhiteTeam "Cesky Krumlov"]
[BlackTeam "Tabor Sokol"]
[WhiteTeamCountry "CZE"]
[BlackTeamCountry "CZE"]

1. d4 Nf6 2. c4 c5 3. e3 g6 4. Nc3 Bg7 5. Nf3 0-0 6. dxc5 Na6 7. Nd4 Nxc5 8. b4 Nce4 9. Nxe4 Nxe4 10. Bb2 b6 11. Bd3 Bb7 12. Qc2 f5 13. Nb3 e5 14. h4 Qe7 15. a3 Rac8 16. f3 Ng3 17. Rh3 e4 18. Bxg7 exd3 19. Qxd3 Kxg7 20. Qd4+ Rf6 21. Rxg3 f4 22. Rg4 Rxc4 23. Qxc4 Qxe3+ 24. Qe2 Qc3+ 25. Qd2 Qxb3 26. Qd4 Qe6+ 27. Kf2 Qf5 28. Rd1 Bc6 29. Rg5 Qe6 30. Re5 Qf7 31. b5 d6 32. bxc6 dxe5 33. Qxe5 Qe6 34. Rd7+ Kg8 35. Qxe6+ Rxe6 36. c7 1-0

[Event "CZE-chT2A 1011"]
[Site "Czech Republic"]
[Date "2010.11.21"]
[Round "3"]
[White "Svoboda, Vaclav1111"]
[Black "Skorpik, Martin"]
[Result "1-0"]
[WhiteElo "2266"]
[BlackElo "2160"]
[PlyCount "61"]
[EventDate "2010.10.17"]
[EventType "team-tourn"]
[EventRounds "11"]
[EventCountry "CZE"]
[SourceTitle "EXT 2012"]
[Source "ChessBase"]
[SourceDate "2011.11.24"]
[SourceVersion "1"]
[SourceVersionDate "2011.11.24"]
[SourceQuality "1"]
[WhiteTeam "Praha Oaza"]
[BlackTeam "Cesky Krumlov"]
[WhiteTeamCountry "CZE"]
[BlackTeamCountry "CZE"]

1. e4 e6 2. d3 d5 3. Nd2 g6 4. Ngf3 Bg7 5. g3 c5 6. Bg2 Nc6 7. 0-0 Nf6 8. exd5 Nxd5 9. Nb3 Qd6 10. c4 Nde7 11. Be3 Nd4 12. Nbxd4 cxd4 13. Bd2 0-0 14. a3 h6 15. Re1 Rd8 16. Bf4 Qb6 17. b4 g5 18. Be5 f6 19. c5 Qa6 20. Bc7 Rd7 21. Bd6 Rxd6 22. cxd6 Qxd6 23. Qb3 f5 24. Nd2 Nd5 25. Bxd5 exd5 26. Re8+ Kh7 27. Rc1 Qd7 28. Rce1 Bf6 29. Nf3 Kg7 30. Nxd4 f4 31. Ne6+ 1-0

[Event "CZE-chT2A 1011"]
[Site "Czech Republic"]
[Date "2010.11.07"]
[Round "2"]
[White "Skorpik, Martin"]
[Black "Sott, Pavel"]
[Result "1-0"]
[WhiteElo "2160"]
[BlackElo "2203"]
[PlyCount "81"]
[EventDate "2010.10.17"]
[EventType "team-tourn"]
[EventRounds "11"]
[EventCountry "CZE"]
[SourceTitle "EXT 2012"]
[Source "ChessBase"]
[SourceDate "2011.11.24"]
[SourceVersion "1"]
[SourceVersionDate "2011.11.24"]
[SourceQuality "1"]
[WhiteTeam "Cesky Krumlov"]
[BlackTeam "Line"]
[WhiteTeamCountry "CZE"]
[BlackTeamCountry "CZE"]

1. d4 Nf6 2. c4 c5 3. d5 e6 4. Nc3 exd5 5. cxd5 d6 6. e4 g6 7. Bd3 Bg7 8. Nge2 0-0 9. f3 Na6 10. 0-0 Nc7 11. Bg5 a6 12. a4 Rb8 13. a5 Bd7 14. Na4 Bxa4 15. Rxa4 Nb5 16. Qd2 Qd7 17. Bh6 Rfe8 18. Bxg7 Kxg7 19. Ng3 Nd4 20. Ra3 Qe7 21. f4 Ng4 22. h3 Qh4 23. hxg4 Qxg3 24. Be2 Qh4 25. g5 Rxe4 26. Bd1 Rbe8 27. Rh3 Nf3+ 28. Rhxf3 Qg4 29. Re3 Qf5 30. Rxe4 Qxe4 31. Bc2 Qc4 32. b3 Qb5 33. f5 Re2 34. Qc3+ Re5 35. Re1 f6 36. gxf6+ Kxf6 37. fxg6 hxg6 38. Qf3+ Kg7 39. Rxe5 dxe5 40. Qe4 Qxa5 41. Qxg6+ 1-0

[Event "CZE-chT2A 0910"]
[Site "Czech Republic"]
[Date "2010.02.28"]
[Round "8.2"]
[White "Nguyen, Dinh Phong"]
[Black "Skorpik, Martin"]
[Result "1-0"]
[WhiteElo "2163"]
[BlackElo "2148"]
[PlyCount "51"]
[EventDate "2009.10.18"]
[EventType "team-tourn"]
[EventRounds "11"]
[EventCountry "CZE"]
[SourceTitle "EXT 2012"]
[Source "ChessBase"]
[SourceDate "2011.11.24"]
[SourceVersion "1"]
[SourceVersionDate "2011.11.24"]
[SourceQuality "1"]
[WhiteTeam "Domazlice"]
[BlackTeam "Cesky Krumlov"]
[WhiteTeamCountry "CZE"]
[BlackTeamCountry "CZE"]

1. e4 e6 2. d4 d5 3. Nc3 Nf6 4. e5 Nfd7 5. Nf3 c5 6. dxc5 Bxc5 7. Bd3 Nc6 8. Bf4 a6 9. 0-0 Qc7 10. Re1 b5 11. Qe2 Nb6 12. a3 f5 13. Nd1 h6 14. h4 g6 15. c3 Bb7 16. Ne3 Qg7 17. Nc2 Be7 18. Ncd4 Kf7 19. Be3 Nc4 20. Nxc6 Bxc6 21. Nd4 Bd7 22. h5 gxh5 23. Bxf5 exf5 24. e6+ Kf8 25. exd7 Qf6 26. Bf4 1-0

[Event "CZE-chT2A 0910"]
[Site "Czech Republic"]
[Date "2009.11.08"]
[Round "2.2"]
[White "Skorpik, Martin"]
[Black "Jaros, Martin"]
[Result "1-0"]
[WhiteElo "2148"]
[BlackElo "2232"]
[PlyCount "77"]
[EventDate "2009.10.18"]
[EventType "team-tourn"]
[EventRounds "11"]
[EventCountry "CZE"]
[SourceTitle "EXT 2012"]
[Source "ChessBase"]
[SourceDate "2011.11.24"]
[SourceVersion "1"]
[SourceVersionDate "2011.11.24"]
[SourceQuality "1"]
[WhiteTeam "Cesky Krumlov"]
[BlackTeam "Plzen Sokol"]
[WhiteTeamCountry "CZE"]
[BlackTeamCountry "CZE"]

1. d4 Nf6 2. c4 g6 3. Nc3 Bg7 4. e4 d6 5. Nf3 0-0 6. Be2 e5 7. 0-0 Nc6 8. d5 Ne7 9. Ne1 Nd7 10. Bd2 f5 11. Nd3 Nf6 12. f3 f4 13. g4 fxg3 14. hxg3 h5 15. Kg2 Rf7 16. b4 a5 17. bxa5 Rxa5 18. a4 Ra8 19. a5 Rf8 20. Qb3 Kh7 21. Na4 Bh6 22. Bxh6 Kxh6 23. Qc3 Bd7 24. Rfb1 b6 25. axb6 Rxa4 26. Rxa4 Bxa4 27. b7 Qb8 28. Ra1 Qxb7 29. Rxa4 Ra8 30. Rb4 Qa7 31. c5 Nd7 32. c6 Nb6 33. f4 exf4 34. Nxf4 Rg8 35. Qf6 Nbc8 36. Rb7 Qa5 37. Bxh5 Qd2+ 38. Be2 Qa5 39. Rb1 1-0

[Event "CZE-chTV 0102"]
[Site "Czech Republic"]
[Date "2002.??.??"]
[Round "5"]
[White "Smutny, Jan"]
[Black "Skorpik, Martin"]
[Result "0-1"]
[WhiteElo "2139"]
[BlackElo "2115"]
[PlyCount "70"]
[EventDate "2001.??.??"]
[EventType "team"]
[EventRounds "11"]
[EventCountry "CZE"]
[SourceTitle "EXT 2003"]
[Source "ChessBase"]
[SourceDate "2002.11.25"]
[SourceVersion "1"]
[SourceVersionDate "2002.11.25"]
[SourceQuality "1"]
[WhiteTeam "Infinity C"]
[BlackTeam "Zizkov"]
[WhiteTeamCountry "CZE"]
[BlackTeamCountry "CZE"]

1. e4 e6 2. d4 d5 3. Nd2 Nf6 4. e5 Nfd7 5. c3 c5 6. Bd3 Nc6 7. Ne2 cxd4 8. cxd4 f6 9. exf6 Nxf6 10. 0-0 Bd6 11. Nf3 Qc7 12. Bg5 0-0 13. Rc1 Ng4 14. Ng3 g6 15. a3 Qg7 16. Bb5 h6 17. Bxc6 hxg5 18. Ba4 Qh6 19. h3 Nxf2 20. Rxf2 Bxg3 21. Rfc2 g4 22. hxg4 Bf4 23. g5 Be3+ 24. Kf1 Qxg5 25. Qe1 b6 26. Bb5 Bxd4 27. Rxc8 Qf5 28. Rxa8 Rxa8 29. Qe2 e5 30. Ke1 Qf4 31. Rc6 Be3 32. Rxg6+ Kf7 33. Rg5 Rh8 34. Nxe5+ Kf6 35. Ng4+ Kxg5 0-1

[Event "CZE-chTV 0001"]
[Site "Czech Republic"]
[Date "2001.??.??"]
[Round "5"]
[White "Varejcko, Josef"]
[Black "Skorpik, Martin"]
[Result "0-1"]
[WhiteElo "2270"]
[BlackElo "2140"]
[PlyCount "80"]
[EventDate "2000.??.??"]
[EventType "team"]
[EventRounds "11"]
[EventCountry "CZE"]
[SourceTitle "EXT 2003"]
[Source "ChessBase"]
[SourceDate "2002.11.25"]
[SourceVersion "1"]
[SourceVersionDate "2002.11.25"]
[SourceQuality "1"]

1. d4 e6 2. Nf3 d5 3. g3 c6 4. Bg2 f5 5. 0-0 Nf6 6. c4 Be7 7. Nc3 0-0 8. Qb3 Nbd7 9. Ng5 Nb6 10. cxd5 exd5 11. a4 a5 12. f3 h6 13. Nh3 Kh7 14. Qc2 g6 15. Nf4 Nc4 16. b3 Nd6 17. Nd1 Nf7 18. Nf2 Bd6 19. N2d3 Kg7 20. Bd2 Re8 21. Rae1 g5 22. Nh3 Bd7 23. Nhf2 Qb6 24. Nc5 f4 25. g4 Qc7 26. h4 gxh4 27. Nxd7 Nxd7 28. Nd3 Ng5 29. Rf2 h3 30. Bf1 h5 31. gxh5 Nf6 32. Ne5 Bxe5 33. dxe5 Nxh5 34. Bc3 Re6 35. Qf5 Kh6 36. Rh2 Ng3 37. Bxh3 Nxf5 38. Bxf5+ Kg7 39. Bxe6 Nxe6 40. Kh1 Rg8 0-1

[Event "CZE-chTV 0001"]
[Site "Czech Republic"]
[Date "2000.??.??"]
[Round "6"]
[White "Skorpik, Martin"]
[Black "Smutny, Jan"]
[Result "0-1"]
[WhiteElo "2140"]
[BlackElo "2150"]
[PlyCount "82"]
[EventDate "2000.??.??"]
[EventType "team"]
[EventRounds "11"]
[EventCountry "CZE"]
[SourceTitle "EXT 2002"]
[Source "ChessBase"]
[SourceDate "2001.11.25"]
[SourceVersion "1"]
[SourceVersionDate "2001.11.25"]
[SourceQuality "1"]

1. d4 d5 2. c4 e5 3. dxe5 d4 4. Nf3 Nc6 5. g3 Bg4 6. Nbd2 Qd7 7. Bg2 0-0-0 8. 0-0 Nge7 9. a3 Ng6 10. Qa4 Kb8 11. b4 Bh3 12. Bb2 Bxg2 13. Kxg2 Qg4 14. e3 dxe3 15. fxe3 Ncxe5 16. Bd4 Nc6 17. Rae1 Be7 18. Rf2 h5 19. h3 Qd7 20. b5 Nxd4 21. Nxd4 Bc5 22. N2b3 Bxd4 23. Nxd4 Ne5 24. Rd1 Qe7 25. Rf5 h4 26. Rb1 hxg3 27. Qb3 Rh6 28. c5 Rxd4 29. exd4 Nd7 30. Qf3 Nf6 31. c6 Qe6 32. Rd1 Qa2+ 33. Kxg3 Qe6 34. d5 Ne4+ 35. Kg2 Rg6+ 36. Kh2 Qd6+ 37. Kh1 Ng3+ 38. Kg2 Nxf5+ 39. Kf1 Ng3+ 40. Kf2 Qc5+ 41. Ke1 Rg5 0-1

[Event "CZE-chT2V 9899"]
[Site "Czech Republic"]
[Date "1999.??.??"]
[Round "?"]
[White "Cerny, Jan"]
[Black "Skorpik, Martin"]
[Result "1/2-1/2"]
[WhiteElo "2156"]
[BlackElo "2135"]
[PlyCount "98"]
[EventDate "1998.??.??"]
[EventType "team"]
[EventRounds "11"]
[EventCountry "CZE"]
[SourceTitle "EXT 2000"]
[Source "ChessBase"]
[SourceDate "1999.11.16"]
[SourceVersion "1"]
[SourceVersionDate "1999.11.16"]
[SourceQuality "1"]

1. d4 Nf6 2. Nf3 c5 3. c3 e6 4. Bg5 Be7 5. e3 b6 6. Nbd2 Bb7 7. Bd3 d6 8. 0-0 0-0 9. Rc1 Nbd7 10. Bb1 Re8 11. Re1 Rc8 12. e4 e5 13. dxe5 Nxe5 14. Nxe5 dxe5 15. Nc4 Qc7 16. a4 Rcd8 17. Qb3 Bc6 18. f3 Nh5 19. Be3 Nf4 20. Rcd1 Ne6 21. Bf2 Bg5 22. Ne3 Bxe3 23. Bxe3 Rxd1 24. Rxd1 Rd8 25. Kf2 Qe7 26. g3 Qe8 27. Rxd8 Qxd8 28. Qc2 Qf6 29. b3 Ng5 30. Bxg5 Qxg5 31. h4 Qd8 32. Qd3 Qd7 33. Qxd7 Bxd7 34. Bd3 Kf8 35. Bc4 Ke7 36. Bd5 f6 37. Ke3 Kd6 38. c4 Bc8 39. Bg8 h6 40. g4 g5 41. h5 Be6 42. Bxe6 Kxe6 43. Kd3 Kd6 44. Kc3 Kc6 45. Kb2 a6 46. Kc3 Kb7 47. Kd3 Kc6 48. Kc3 b5 49. a5 b4+ 1/2-1/2

[Event "CZE-chT1b 9697"]
[Site "Czech Republic"]
[Date "1997.??.??"]
[Round "?"]
[White "Fiedler, Bedrich"]
[Black "Skorpik, Martin"]
[Result "1-0"]
[WhiteElo "2195"]
[BlackElo "2115"]
[PlyCount "55"]
[EventDate "1996.??.??"]
[EventType "team"]
[EventRounds "11"]
[EventCountry "CZE"]
[SourceTitle "EXT 1998"]
[Source "ChessBase"]
[SourceDate "1997.11.17"]
[SourceVersion "1"]
[SourceVersionDate "1997.11.17"]
[SourceQuality "1"]

1. e4 e6 2. d3 d5 3. Nd2 Nf6 4. Ngf3 c5 5. g3 Nc6 6. Bg2 Be7 7. 0-0 0-0 8. Re1 a6 9. e5 Nd7 10. Nf1 b5 11. h4 Bb7 12. N1h2 Qc7 13. Bf4 Rfd8 14. h5 a5 15. Ng4 a4 16. Qd2 Qa5 17. Qc1 a3 18. b3 c4 19. Bg5 cxd3 20. cxd3 Qb4 21. d4 Nxd4 22. Nxd4 Bxg5 23. Qxg5 Qxd4 24. h6 g6 25. Nf6+ Nxf6 26. Qxf6 Kf8 27. Rac1 Rac8 28. Rc7 1-0

[Event "CZE-chT1b 9697"]
[Site "Czech Republic"]
[Date "1997.??.??"]
[Round "?"]
[White "Korenek, Frantisek"]
[Black "Skorpik, Martin"]
[Result "1-0"]
[WhiteElo "2190"]
[BlackElo "2115"]
[PlyCount "77"]
[EventDate "1996.??.??"]
[EventType "team"]
[EventRounds "11"]
[EventCountry "CZE"]
[SourceTitle "EXT 1998"]
[Source "ChessBase"]
[SourceDate "1997.11.17"]
[SourceVersion "1"]
[SourceVersionDate "1997.11.17"]
[SourceQuality "1"]

1. e4 e6 2. d4 d5 3. Nd2 Nf6 4. e5 Nfd7 5. c3 c5 6. f4 Nc6 7. Ndf3 cxd4 8. cxd4 Bb4+ 9. Bd2 Qb6 10. Bc3 Na5 11. Qd2 Bxc3 12. Qxc3 0-0 13. Bd3 f5 14. Ne2 Re8 15. Rc1 Nf8 16. 0-0 Bd7 17. Qc5 Rec8 18. Qxb6 axb6 19. Nd2 Ng6 20. g3 Ne7 21. Kf2 Nec6 22. a3 Na7 23. Ke3 Kf8 24. Nc3 Rc7 25. g4 g6 26. gxf5 gxf5 27. Rg1 Kf7 28. Rg3 Rg8 29. Rcg1 Rxg3+ 30. hxg3 b5 31. g4 fxg4 32. Rxg4 Nc4+ 33. Nxc4 bxc4 34. Bxh7 b5 35. Bg6+ Kf8 36. f5 exf5 37. Rf4 b4 38. axb4 Rb7 39. Bxf5 1-0